000 00436nam a2200181Ia 4500
001 15540
005 20260306170203.0
008 260306t2011||||xx |||||||||||||| ||und||
041 _aESP
082 _a543
_bB38
100 _aBelarra, Miguel Ángel
_eAUT
245 0 _aIntroducción a la Química Analítica
260 _c2011
300 _a290 páginas :
_c23 cm.
650 _aGEN
654 _aCCN
942 _cLIB
_dJUS
_fJUS
_2ddc
_n
999 _c15540
_d15540